000 00409nam a2200169Ia 4500
001 27016
003 IN-NITTTR
005 20251114233338.0
008 251113s9999||||xx |||||||||||||| ||eng||
040 _beng
040 _cIN-NITTTR
041 _aeng
082 _a302.230954 K83I
100 _aKohli-Khandekar, Vanita
245 4 _aThe Indian media business /
_cKohli-Khandekar, Vanita
942 _2ddc
_cBK
999 _c29644
_d29644